Report on the algorithmic language ALGOL 68 /
Guardado en:
| Otros Autores: | |
|---|---|
| Formato: | Libro |
| Idioma: | English |
| Publicado: |
Berlin :
Springer,
1969.
|
| Materias: | |
| Etiquetas: |
Agregar Etiqueta
Sin Etiquetas, Sea el primero en etiquetar este registro!
|
| LEADER | 00610cam a22001575a 4500 | ||
|---|---|---|---|
| 001 | MAT.inmabb002211 | ||
| 008 | 721206s1969####gw############000#0#eng#d | ||
| 005 | 20160610132143.0 | ||
| 245 | 0 | 0 | |a Report on the algorithmic language ALGOL 68 / |c A. van Wijngaarden, editor ; B. J. Mailloux, J. E. L. Peck and C. H. A. Koster. |
| 260 | |a Berlin : |b Springer, |c 1969. | ||
| 300 | |a 81-218 p. ; |c 25 cm. | ||
| 500 | |a Separata de: Numerische Mathematik, 14, 79-218 (1969). | ||
| 700 | 1 | |a Wijngaarden, A. van, |d 1916- |4 edt | |
| 084 | |a 68N15 |2 msc2000 | ||
| 650 | 0 | |a ALGOL (Computer program language) | |
| 859 | |h 68 |i R425 |p A-3880 |b BIB. MATEMATICA | ||
